000 00578nam a22002537a 4500
003 UA-OsUOA
001 20662
007 ta
008 20031102b un ||||| |||| 00| 0 ukr d
100 _aГутер Р.С.
700 _aПолунов Ю.Л.
090 _a5:929
_bГ97
942 _cBK
040 _aUA-OsUOA
_brus
_cUA-OsUOA
_dUA-OsUOA
245 _aДжироламо Кардано
300 _a192 с.
955 _a0
041 _arus
080 _a5:929
260 _aМосква
_bЗнание
_c1980
044 _aRU
650 7 _2UDC
999 _c306842
_d306842